Talaash : Allah Mawara ka Tayyan (Record no. 325188)

000 -LEADER
fixed length control field 00381 a2200145 4500
001 - CONTROL NUMBER
control field 90115
082 ## - DEWEY DECIMAL CLASSIFICATION NUMBER
Classification number 297.211 UXI
090 ## - LOCALLY ASSIGNED LC-TYPE CALL NUMBER (OCLC); LOCAL CALL NUMBER (RLIN)
-- 42455
-- 42455
100 ## - MAIN ENTRY--PERSONAL NAME
Personal name Mufti Uxi
245 ## - TITLE STATEMENT
Title Talaash : Allah Mawara ka Tayyan
Remainder of title Aksi Mufti
260 ## - PUBLICATION, DISTRIBUTION, ETC.
Place of publication, distribution, etc. Lahore
Name of publisher, distributor, etc. Al-Faisyal Nashran
Date of publication, distribution, etc. 2012
300 ## - PHYSICAL DESCRIPTION
Extent 552 p.
650 ## - SUBJECT ADDED ENTRY--TOPICAL TERM
Topical term or geographic name entry element Talash - Allah Mawara ka Tayiun
740 ## - ADDED ENTRY--UNCONTROLLED RELATED/ANALYTICAL TITLE
Uncontrolled related/analytical title allah taala; Allah
942 ## - ADDED ENTRY ELEMENTS (KOHA)
Institution code [OBSOLETE] NUST-CAE
Call number prefix 297.211 UXI
Holdings
Withdrawn status Lost status Damaged status Not for loan Collection code Permanent Location Current Location Date acquired Total Checkouts Full call number Barcode Date last seen Price effective from Koha item type
          College of Aeronautical Engineering (CAE) College of Aeronautical Engineering (CAE) 04/03/2017   297.211 UXI CAE86529 04/05/2017 04/05/2017 Book
© 2023 Central Library, National University of Sciences and Technology. All Rights Reserved.